| 000 | 00679nam a22002057a 4500 | ||
|---|---|---|---|
| 003 | 0 | ||
| 005 | 20250129100757.0 | ||
| 008 | 150827b xxu||||| |||| 00| 0 eng d | ||
| 050 |
_aPGS ML 3830 _b.Az992 2015 |
||
| 100 | _aAzarcon, Aliyah D. | ||
| 245 |
_aMusic preference and sleeping habits / _cAliyah D. Azarcon. |
||
| 260 |
_aLas PiƱas City, Philippines : _bSouthville International School and Colleges, _c2015. |
||
| 300 |
_a31 p. : _bill. ; _c28 cm. _fPASS |
||
| 504 | _aIncludes bibliographical references. | ||
| 650 | _aMusic and children. | ||
| 650 | _aSleep in children. | ||
| 650 | _aChildren's preferences. | ||
| 650 | _aMusic preferences. | ||
| 942 |
_2lcc _cPASS |
||
| 999 |
_c288525 _d288525 |
||